Books in the Noughts and Crosses Sequence - Statistics

General Stats
  • This quiz has been taken 9 times
  • The average score is 4 of 6
Answer Stats
Hint Answer % Correct
#1 Noughts and Crosses
100%
#4 Double Cross
78%
#2 Knife Edge
78%
#3 Checkmate
67%
#6 (upcoming) Endgame
67%
#5 Crossfire
56%
No matching quizzes found
Score Distribution
Percent of People with Each Score
Percentile by Number Answered
Your Score History
You have not taken this quiz